| 000 | 00544nam a22001937a 4500 | ||
|---|---|---|---|
| 003 | OSt | ||
| 005 | 20180116183028.0 | ||
| 008 | 151216b xxu||||| |||| 00| 0 eng d | ||
| 020 | _a02-549-96-1 | ||
| 024 | _202-549-96-1 | ||
| 040 | _c Lahore LUMS | ||
| 082 | _a174.4 LUM 1996 | ||
| 100 | _aKhan B A, Naeem N | ||
| 245 |
_aDEWAN SALMAN FIBRE LIMITED (A) _cKhan B A, Naeem N |
||
| 260 |
_a Lahore LUMS _bLahore University of Management Sciences _c1996 |
||
| 300 | _a20 p. | ||
| 440 | _aDEWAN SALMAN FIBRE LIMITED (A) | ||
| 942 |
_2ddc _cCS |
||
| 999 |
_c350887 _d350887 |
||